| 000 | 00000nam##2200000za#4500 |
| 001 | 9.619738 |
| 003 | CaOODSP |
| 005 | 20210615103640 |
| 007 | ta |
| 008 | 150406|2009||||xxc||||| f|0| 0 eng|d |
| 022 | |a0706-6457 |
| 040 | |aCaOODSP|beng |
| 043 | |an-cn--- |
| 086 | 1 |aFs97-6/2858E |
| 110 | 1 |aCanada. |bDepartment of Fisheries and Oceans. |
| 245 | 10|aOccurrence of leatherback sea turtles (Dermochelys coriacea) off the Pacific coast of Canada, 1931-2009 / |cby L.D. Spaven, J.K.B. Ford, and C. Sbrocchi. |
| 260 | |aNanaimo - British Columbia : |bFisheries and Oceans Canada |c2009. |
| 300 | |avi, 32p. : |bfigs., maps, references, tables ; |c28 cm. |
| 490 | 1 |aCanadian technical report of fisheries and aquatic sciences|x0706-6457|vNo. 2858 |
| 500 | |a"Fisheries and Oceans Canada, Science Branch, Pacific Region, Pacific Biological Station, 3190 Hammond Bay Road, Nanaimo, BC V6T 6N7". - Cover. |
| 520 | 3 |aIn order to acquire baseline data essential to directing future research and recovery efforts, Fisheries and Oceans compiled and evaluated current and historical occurrences of leatherbacks in the region. |
| 546 | |a(Résumé en français) |
| 563 | |aSoftcover |
| 590 | |a10-11|b2010-03-19 |
| 720 | 1 |aSpaven, L.D. |
| 720 | 1 |aFord, J.K.B. |
| 720 | 1 |aSbrocchi, C. |
| 776 | 0#|tOccurrence of leatherback sea turtles (Dermochelys coriacea) off the Pacific coast of Canada, 1931-2009 / |w(CaOODSP)9.574402 |
| 830 | #0|aCanadian technical report of fisheries and aquatic sciences,|x0706-6457|vNo. 2858|w(CaOODSP)9.514691 |